000 00466nam a2200181Ia 4500
001 9061
003 IN-NITTTR
005 20251114233044.0
008 251113s9999||||xx |||||||||||||| ||eng||
040 _beng
040 _cIN-NITTTR
041 _aeng
082 _a621.3815 S59E
100 _aSenturia, Stephen D.
245 0 _aElectronic circuits and applications /
_cSenturia, Stephen D., Wedlock, Bruce D.
700 _a Wedlock, Bruce D.
942 _2ddc
_cBK
999 _c11698
_d11698